Foods That Are Pink Quiz Stats

Quiz Updated Sep 23, 2014

Challenge
Share
Tweet
Score 0/12 Timer 05:00
1 Play Today
Column % Correct
Prawns
98.2%
Strawberry ice cream
98.1%
Cotton Candy
97.9%
Ham
97.3%
Salmon
95.6%
Pink grapefruit
93.7%
Pink jelly beans
93%
Pink marshmallows
91%
Pink lemonade
84%
Salami
83.1%
Rose Macaron
54%
Turkish delight
33.3%

You're not logged in!

Compare scores with friends on all Sporcle quizzes.
Join for Free
OR
Log In

You Might Also Like...

Show Comments

Extras

Top Quizzes Today


Score Distribution

Your Account Isn't Verified!

In order to create a playlist on Sporcle, you need to verify the email address you used during registration. Go to your Sporcle Settings to finish the process.

Report this User

Report this user for behavior that violates our Community Guidelines.

Details: